000 00336nam a2200157Ia 4500
100 _aKhurmi/R.S/ Lal / Jagdish
490 _vI
942 _cBK
654 _aMaterials
245 _aStrength Of Materials
260 _bS.Chand & C0
_aNEW DELHI
_c1979
082 _a620.112
_bKhu
300 _a991
546 _aENGLISH
999 _c33289
_d33289